किशोरावस्था समस्या और समाधान / (Record no. 14312)
[ view plain ]
| 000 -LEADER | |
|---|---|
| fixed length control field | 01252nam a22002537a 4500 |
| 005 - DATE AND TIME OF LATEST TRANSACTION | |
| control field | 20080708144749.0 |
| 006 - FIXED-LENGTH DATA ELEMENTS--ADDITIONAL MATERIAL CHARACTERISTICS--GENERAL INFORMATION | |
| fixed length control field | a|||||r|||||00| 0 |
| 008 - FIXED-LENGTH DATA ELEMENTS--GENERAL INFORMATION | |
| fixed length control field | 080708t xxu||||| |||| 00| 0 hin d |
| 010 ## - LIBRARY OF CONGRESS CONTROL NUMBER | |
| LC control number | HIN-83781 |
| 020 ## - INTERNATIONAL STANDARD BOOK NUMBER | |
| Terms of availability | 100.00 |
| International Standard Book Number | 8189366041 |
| 035 ## - SYSTEM CONTROL NUMBER | |
| System control number | HN-56127 |
| 037 ## - SOURCE OF ACQUISITION | |
| Source of stock number/acquisition | DBAD / PUB |
| 040 ## - CATALOGING SOURCE | |
| Original cataloging agency | DPL |
| Language of cataloging | HN |
| 082 ## - DEWEY DECIMAL CLASSIFICATION NUMBER | |
| Classification number | 305.235 |
| 100 ## - MAIN ENTRY--PERSONAL NAME | |
| Personal name | अग्रवाल, रिचा |
| 245 ## - TITLE STATEMENT | |
| Title | किशोरावस्था समस्या और समाधान / |
| Statement of responsibility, etc | रिचा अग्रवाल |
| 246 ## - VARYING FORM OF TITLE | |
| Title proper/short title | Kisoravastha samasya aur samadhan |
| Remainder of title | by Richa Agarwal |
| 260 ## - PUBLICATION, DISTRIBUTION, ETC. (IMPRINT) | |
| Place of publication, distribution, etc | जयपुर |
| Name of publisher, distributor, etc | राहुल पब्लिशिंग हाउस |
| Date of publication, distribution, etc | 2007 |
| 270 ## - ADDRESS | |
| Address | ए-15, टेलीफोन कालोनी, टोंक फाटक |
| City | जयपुर |
| Postal code | 302015 |
| Telephone number | 0141- 2590656 |
| 300 ## - PHYSICAL DESCRIPTION | |
| Extent | 74पृ |
| Dimensions | 22सेमी(सजिल्द) |
| 650 ## - SUBJECT ADDED ENTRY--TOPICAL TERM | |
| Topical term or geographic name as entry element | Adolescence |
| 942 ## - ADDED ENTRY ELEMENTS (KOHA) | |
| Source of classification or shelving scheme | Dewey Decimal Classification |
| Koha item type | Hindi Books |
| Classification part | 305.235 / अग्रव |
| Call number suffix | अग्रव |
| Withdrawn status | Lost status | Damaged status | Not for loan | Collection code | Home library | Current library | Date acquired | Source of acquisition | Cost, normal purchase price | Total Checkouts | Full call number | Barcode | Date last seen | Copy number | Cost, replacement price | Price effective from | Koha item type |
|---|---|---|---|---|---|---|---|---|---|---|---|---|---|---|---|---|---|
| Not For Loan | Non-fiction | D.B.Act.Division | D.B.Act.Division | 08/07/2008 | पु.प्र.अ.प्र /प्रका | 100.00 | 305.235 अग्रवा | HN-56127 | 15/09/2008 | 120.00 | 100.00 | 15/09/2008 | Hindi Books |
